La Calidad del empleo: la experiencia de los países latinoamericanos y de los Estados Unidos /
Sparad:
| Huvudupphovsman: | |
|---|---|
| Övriga upphovsmän: | |
| Materialtyp: | Text |
| Publicerad: |
OIT
|
| Ämnen: | |
| Taggar: |
Lägg till en tagg
Inga taggar, Lägg till första taggen!
|
MARC
| LEADER | 00000 a a2200000 04500 | ||
|---|---|---|---|
| 001 | 32643 | ||
| 003 | |||
| 040 | |||
| 020 | |a 92-2-311809-3 | ||
| 090 | |a 199505 | ||
| 100 | |a Infante, Ricardo | ||
| 245 | |a La Calidad del empleo: la experiencia de los países latinoamericanos y de los Estados Unidos / |c Ricardo Infante | ||
| 260 | |a OIT | ||
| 300 | |a 264 p. | ||
| 650 | |a EMPLEO | ||
| 650 | |a EVALUACION | ||
| 650 | |a POBREZA | ||
| 650 | |a CONDICIONES DE TRABAJO | ||
| 650 | |a CHILE | ||
| 650 | |a POBLACION OCUPADA | ||
| 650 | |a POBREZA | ||
| 650 | |a CREACION DE EMPLEOS | ||
| 700 | |a ed. | ||
| 999 | |c 12178 |d 12178 | ||



